Imagine it

The systematic, explicit instructional plan for SRA Imagine It! helps you build students' abilities through a logical profession of skills. Core concepts and skills are reinforced at every level to scaffold the foundation for your students' most critical reading and comprehension skills. T...

詳細記述

保存先:
書誌詳細
フォーマット: 図書
言語:Undetermined
出版事項: New York McGraw-Hill 2010
主題:
タグ: タグ追加
タグなし, このレコードへの初めてのタグを付けませんか!
Thư viện lưu trữ: Trung tâm Học liệu Trường Đại học Cần Thơ
LEADER 01266nam a2200205Ia 4500
001 CTU_217352
008 210402s9999 xx 000 0 und d
020 |c 45.3 
082 |a 372.973 
082 |b I.31/L.1-B.1 
245 0 |a Imagine it 
245 0 |c Carl Bereiter ... [et al.] 
260 |a New York 
260 |b McGraw-Hill 
260 |c 2010 
520 |a The systematic, explicit instructional plan for SRA Imagine It! helps you build students' abilities through a logical profession of skills. Core concepts and skills are reinforced at every level to scaffold the foundation for your students' most critical reading and comprehension skills. Thought-provoking themes and genres introduce your students to new worlds, new ideas, and new ways of thinking.The Literature, novels, essays, poems, songs and articles found in SRA Imagine It! are a diverse collection of fiction and nonfiction reading selections that inspire and challenge students to become independent, self-directed readers. Find them in a variety of program materials: i think i can, away we grow 
650 |a Education, elementary,Giáo dục, tiểu học 
650 |z United states,Hoa Kỳ 
904 |i Trinh, Tuyến 
980 |a Trung tâm Học liệu Trường Đại học Cần Thơ